[Event "Elit(Team Pelaro Alingsas-Kungstornet)"]
[Site "?"]
[Date "2022.04.10"]
[Round "6"]
[White "Agrest, Inna"]
[Black "von Bahr, Oskar"]
[Result "0-1"]
[WhiteElo "2238"]
[BlackElo "2386"]
[PlyCount "156"]

1. e4 e5 2. Nf3 Nc6 3. Bb5 a6 4. Ba4 Nf6 5. O-O Be7 6. Re1 b5 7. Bb3 O-O 8. h3
d6 9. c3 Nb8 10. d3 Nbd7 11. Nbd2 Bb7 12. Nf1 Re8 13. Ng3 Bf8 14. Nh2 Nc5 15.
Bc2 d5 16. Qf3 g6 17. h4 Ne6 18. Bb3 Nc5 19. Bc2 Ne6 20. Bb3 Nc5 21. Bg5 Be7
22. Rad1 Nxb3 23. axb3 Qd6 24. exd5 Qxd5 25. Ne4 Nxe4 26. dxe4 Qe6 27. Bxe7
Qxe7 28. Qg3 Rad8 29. Ng4 f6 30. h5 Bc8 31. Ne3 Qg7 32. Qf3 Be6 33. Rxd8 Rxd8
34. Rd1 Qe7 35. b4 Kg7 36. Qe2 Rxd1+ 37. Qxd1 Qd6 38. Qe2 Kh6 39. Nf1 Bc4 40.
Qe3+ g5 41. Ng3 Be6 42. Qa7 Kg7 43. Qb8 Qd7 44. Qa8 Qc8 45. Qc6 Kf7 46. Kh2 Bd7
47. Qc5 Qb7 48. Nf5 Bxf5 49. exf5 Ke8 50. f3 h6 51. b3 Qc8 52. Qc6+ Ke7 53. g4
Qd7 54. Qxa6 e4 55. fxe4 Qd2+ 56. Kg1 Qe1+ 57. Kg2 Qxe4+ 58. Kf2 Qf4+ 59. Ke1
Qe3+ 60. Kf1 Qf3+ 61. Ke1 Qxc3+ 62. Ke2 Qc2+ 63. Ke1 Qe4+ 64. Kf2 Qf4+ 65. Ke1
Qxb4+ 66. Kf2 Qf4+ 67. Ke1 Qe3+ 68. Kf1 Qxb3 69. Qc8 Qc4+ 70. Kf2 b4 71. Qb7 b3
72. Qa7 Qc2+ 73. Kg3 Qc3+ 74. Kh2 b2 75. Qg1 Qc2+ 76. Kh3 Qd3+ 77. Kg2 b1=Q 78.
Qc5+ Kd7 0-1

[Event "Elit(Vasteras-Wasa)"]
[Site "?"]
[Date "2022.04.10"]
[Round "6"]
[White "Akesson, Ralf"]
[Black "Engqvist, Thomas"]
[Result "1/2-1/2"]
[WhiteElo "2396"]
[BlackElo "2322"]
[PlyCount "121"]
[EventDate "2022.??.??"]

1. c4 c6 2. Nf3 d5 3. e3 Nf6 4. d4 g6 5. Nc3 Bg7 6. Bd3 O-O 7. O-O Bg4 8. h3
Bxf3 9. Qxf3 dxc4 10. Bxc4 Nbd7 11. Rd1 e5 12. d5 e4 13. Nxe4 Nxe4 14. Qxe4 Nb6
15. Bf1 Nxd5 16. Qc2 Qe7 17. Bd2 Rfe8 18. Rab1 a5 19. a3 a4 20. Re1 Qe4 21. Bd3
Qe5 22. g3 Nf6 23. e4 Nd7 24. Bf1 Qc5 25. Rbc1 Qxc2 26. Rxc2 Bd4 27. Bc3 Bxc3
28. Rxc3 Ra5 29. Rd1 Nc5 30. f3 Kf8 31. Kf2 Ke7 32. Bc4 Rf8 33. e5 Nd7 34. f4
Rc5 35. Rdc1 Nb6 36. Ba2 Rb5 37. R1c2 Rd8 38. Ke2 Ra8 39. Rd3 Nd7 40. Rcd2 Nf8
41. Ke3 Rc5 42. Ke4 Rc1 43. Rd1 Rxd1 44. Rxd1 Ra5 45. Rd4 Nd7 46. Ke3 f6 47.
exf6+ Nxf6 48. g4 Rb5 49. Rb4 Rxb4 50. axb4 Kd6 51. Kd4 b6 52. Bf7 Ke7 53. Bc4
b5 54. Ba2 Nd7 55. g5 Kd6 56. Bf7 Nf8 57. Bg8 Ne6+ 58. Ke4 Nf8 59. Kd4 Ne6+ 60.
Ke4 Nf8 61. Kd4 1/2-1/2

[Event "Elit(Team Pelaro Alingsas-Kungstornet)"]
[Site "?"]
[Date "2022.04.10"]
[Round "6"]
[White "Lyrberg, Patrik"]
[Black "Bergre, Joachim"]
[Result "1-0"]
[WhiteElo "2462"]
[BlackElo "1944"]
[PlyCount "67"]

1. d4 Nf6 2. c4 c5 3. d5 b5 4. g3 bxc4 5. Bg2 Bb7 6. Nc3 g6 7. e4 d6 8. f4 Bg7
9. Nf3 O-O 10. O-O Na6 11. f5 Nb4 12. Bg5 Nd7 13. Qd2 Nd3 14. Bh6 N3e5 15. Nh4
Nf6 16. fxg6 hxg6 17. h3 Bc8 18. g4 Rb8 19. Rab1 Nh7 20. Nf3 Nxf3+ 21. Rxf3 Nf6
22. e5 dxe5 23. Rf2 Rb6 24. Be3 Nd7 25. Rbf1 Bb7 26. Ne4 Qc7 27. h4 Ba6 28. d6
c3 29. dxc7 cxd2 30. Rxd2 Bxf1 31. Kxf1 f5 32. Ng5 fxg4+ 33. Kg1 Rd6 34. Bd5+
1-0

[Event "Elit(Vasteras-Wasa)"]
[Site "?"]
[Date "2022.04.10"]
[Round "6"]
[White "Bellon Lopez, Juan Manuel"]
[Black "Norberg, Erik"]
[Result "0-1"]
[WhiteElo "2322"]
[BlackElo "2235"]
[PlyCount "100"]
[EventDate "2022.??.??"]

1. d4 g6 2. Nc3 d5 3. Bf4 Bg7 4. e3 c6 5. Nf3 Nf6 6. Be2 Nbd7 7. h3 O-O 8. Ne5
Ne8 9. Nxd7 Bxd7 10. a4 f6 11. Bg3 e5 12. dxe5 fxe5 13. Nxd5 cxd5 14. Qxd5+ Kh8
15. Rd1 Nf6 16. Qxb7 Qa5+ 17. b4 Qxa4 18. O-O Bc6 19. Qa6 Qxa6 20. Bxa6 Ne4 21.
Bh4 g5 22. b5 Nc5 23. Bxg5 Nxa6 24. bxc6 Rfc8 25. Rd7 Rxc6 26. e4 Nc5 27. Re7
Nxe4 28. Be3 a5 29. Rd1 Bf6 30. Rf7 a4 31. f3 Nc3 32. Ra1 a3 33. Bd2 Ne2+ 34.
Kf1 Nd4 35. Ra2 Kg8 36. Rb7 Rxc2 37. Rxc2 Nxc2 38. Bc3 a2 39. Ke2 a1=Q 40. Bxa1
Rxa1 41. Kd3 Nd4 42. Ke4 Re1+ 43. Kd5 Re2 44. g3 Nxf3 45. Ke6 Bg7 46. Rb8+ Bf8
47. Kf5 Nd4+ 48. Kg4 Re4+ 49. Kh5 Kf7 50. h4 Nf5 0-1

[Event "Elit(Team Pelaro Alingsas-Kungstornet)"]
[Site "?"]
[Date "2022.04.10"]
[Round "6"]
[White "Karle, Max"]
[Black "Glimbrant, Torbjorn"]
[Result "1/2-1/2"]
[WhiteElo "2062"]
[BlackElo "2239"]
[PlyCount "98"]
[EventDate "2022.??.??"]

1. d4 Nf6 2. c4 e6 3. Nc3 Bb4 4. a3 Bxc3+ 5. bxc3 O-O 6. Bg5 h6 7. Bxf6 Qxf6 8.
e3 d6 9. Bd3 e5 10. Qf3 Qxf3 11. Nxf3 Re8 12. Nd2 Nd7 13. O-O Nf6 14. e4 b6 15.
Rfe1 Bb7 16. Rab1 Bc6 17. f3 Ba4 18. Rb2 Rad8 19. Kf2 g6 20. Bc2 Bd7 21. Nf1
Kg7 22. Ne3 h5 23. Bd3 h4 24. Nd5 Nxd5 25. cxd5 c6 26. dxc6 Bxc6 27. Ke3 f5 28.
Bb5 Rc8 29. Kd3 fxe4+ 30. fxe4 Rf8 31. Bxc6 Rxc6 32. Re3 Rf1 33. Ra2 exd4 34.
Kxd4 Rd1+ 35. Rd3 Rxd3+ 36. Kxd3 Rc5 37. Rb2 Ra5 38. Rb3 Kf6 39. Kd4 Rg5 40.
Rb2 Ke6 41. c4 Ra5 42. Rb3 Ra4 43. g3 b5 44. Rxb5 hxg3 45. hxg3 Rxa3 46. Rg5
Kf6 47. Rd5 Ke6 48. Rg5 Kf6 49. Rd5 Ke6 1/2-1/2

[Event "Elit(Vasteras-Wasa)"]
[Site "?"]
[Date "2022.04.10"]
[Round "6"]
[White "Bergstrom, Peter"]
[Black "Cramling, Dan"]
[Result "1-0"]
[WhiteElo "2297"]
[BlackElo "2299"]
[PlyCount "55"]
[EventDate "2022.??.??"]

1. e4 Nf6 2. Nc3 d5 3. e5 Nfd7 4. d4 c5 5. f4 cxd4 6. Nb5 Nc6 7. Nf3 Nc5 8.
Nbxd4 Bg4 9. Be3 e6 10. c3 a6 11. Be2 Ne4 12. Qb3 Bc5 13. O-O O-O 14. Rad1 b5
15. h3 Ng3 16. hxg4 Nxe2+ 17. Kf2 Nexd4 18. cxd4 Bb6 19. Rh1 Qd7 20. Ng5 h6 21.
Qd3 f5 22. exf6 hxg5 23. Qh7+ Kf7 24. Qxg7+ Ke8 25. Rh8 Qd6 26. Rdh1 Ra7 27.
Rxf8+ Qxf8 28. Rh8 1-0

[Event "Elit(Team Pelaro Alingsas-Kungstornet)"]
[Site "?"]
[Date "2022.04.10"]
[Round "6"]
[White "Andersson, Fredrik"]
[Black "Nowen, Linus"]
[Result "1-0"]
[WhiteElo "2267"]
[BlackElo "1599"]
[PlyCount "55"]

1. e4 d6 2. d4 Nf6 3. Nc3 e5 4. Nf3 Nbd7 5. Bc4 Be7 6. O-O O-O 7. a4 c6 8. h3
b6 9. Qe2 a6 10. Rd1 Qc7 11. Ba2 Bb7 12. Be3 b5 13. axb5 axb5 14. b4 exd4 15.
Bxd4 Ne5 16. Nh4 Nfd7 17. Nf5 Nf6 18. f4 Ng6 19. Qf2 Rfe8 20. e5 dxe5 21. fxe5
Nd5 22. Bxd5 cxd5 23. Nxb5 Qc6 24. Nbd6 Bxd6 25. exd6 Rxa1 26. Rxa1 f6 27. Nxg7
Re5 28. Qxf6 1-0

[Event "Elit(Vasteras-Wasa)"]
[Site "?"]
[Date "2022.04.10"]
[Round "6"]
[White "Grandell, Anders"]
[Black "Kretz, Johan"]
[Result "*"]
[WhiteElo "2283"]
[BlackElo "2221"]
[PlyCount "81"]
[EventDate "2022.??.??"]

1. d4 Nf6 2. c4 e6 3. Nf3 Bb4+ 4. Bd2 Qe7 5. g3 Nc6 6. Bg2 Bxd2+ 7. Nbxd2 d6 8.
Nf1 O-O 9. Ne3 d5 10. O-O Rd8 11. Qc1 Bd7 12. Rd1 Be8 13. cxd5 exd5 14. Nf5 Qf8
15. Bh3 Kh8 16. Ne5 Ng8 17. Qf4 Nxe5 18. dxe5 Bd7 19. Rxd5 g6 20. Nh6 Bxh3 21.
Rxd8 Rxd8 22. Nxf7+ Kg7 23. Nxd8 Qxd8 24. g4 Qh4 25. f3 h5 26. Qg3 Qxg3+ 27.
hxg3 hxg4 28. f4 Kf7 29. Rc1 c6 30. Rd1 Ke8 31. Rd6 Ne7 32. e4 c5 33. a4 a6 34.
Rb6 Nc6 35. Rxb7 g5 36. Kf2 gxf4 37. gxf4 Nb4 38. Kg3 Nd3 39. e6 c4 40. Rc7
Nxb2 41. f5 *

[Event "Elit(Team Pelaro Alingsas-Kungstornet)"]
[Site "?"]
[Date "2022.04.10"]
[Round "6"]
[White "Johansson, Eva"]
[Black "Aronsson, Marten"]
[Result "0-1"]
[WhiteElo "1834"]
[BlackElo "2203"]
[PlyCount "59"]

1. d4 d5 2. c4 c6 3. Nf3 Nf6 4. e3 Bg4 5. cxd5 cxd5 6. Be2 Nc6 7. O-O e6 8. Nc3
Bd6 9. Bd2 O-O 10. Rc1 Rc8 11. Ne1 Bf5 12. Bd3 Bg6 13. Bxg6 hxg6 14. Nd3 g5 15.
f3 e5 16. Nb5 Bb8 17. dxe5 Nxe5 18. Rxc8 Qxc8 19. Nxe5 Bxe5 20. Nd4 Qc7 21. h3
Nh5 22. f4 Nxf4 23. exf4 Bxd4+ 24. Kh1 Bxb2 25. Qb3 Qc4 26. Rf3 Bd4 27. fxg5
Bb6 28. Qb1 Qe2 29. Bb4 Re8 30. Bd6 0-1

[Event "Elit(SK Rockaden, Sthlm-Stockholms SS)"]
[Site "?"]
[Date "2022.04.10"]
[Round "6"]
[White "Lokander, Martin"]
[Black "Seo, Jung Min"]
[Result "1/2-1/2"]
[WhiteElo "2473"]
[BlackElo "2466"]
[PlyCount "145"]

1. e4 e5 2. Nf3 Nc6 3. Nc3 Nf6 4. d4 exd4 5. Nxd4 Bb4 6. Nxc6 bxc6 7. Bd3 O-O
8. O-O d5 9. Bd2 Bxc3 10. Bxc3 dxe4 11. Bxf6 Qxf6 12. Bxe4 Qxb2 13. Bxc6 Rb8
14. Rb1 Qxb1 15. Qxb1 Rxb1 16. Rxb1 Rd8 17. Bf3 Kf8 18. Rb8 Ke7 19. Ra8 a6 20.
h4 h6 21. h5 Bf5 22. Rxa6 Rd2 23. c4 Be6 24. a4 Rc2 25. a5 Rxc4 26. Ra7 Kd7 27.
a6 Ra4 28. Bb7 Bg4 29. Ra8 Bxh5 30. f3 Bg6 31. Kf2 Ra2+ 32. Ke3 Rxg2 33. Rg8
Ra2 34. Rxg7 c5 35. Rg8 Ra3+ 36. Kd2 Bd3 37. a7 Rxa7 38. Bc8+ Kc7 39. Kxd3 Ra8
40. Rh8 Rxc8 41. Rxh6 Kd7 42. Rf6 Ke7 43. Ra6 c4+ 44. Kc3 Rc5 45. Kd4 Rf5 46.
Kxc4 Rxf3 47. Kd4 Rf6 48. Ra7+ Ke6 49. Ke4 Rf1 50. Ra6+ Ke7 51. Ke3 Kf8 52. Ke2
Rf5 53. Ke3 Kg7 54. Rb6 f6 55. Rb1 Kg6 56. Ke4 Ra5 57. Kf4 Ra3 58. Rg1+ Kf7 59.
Rb1 Ra7 60. Rb2 Ke6 61. Rb6+ Ke7 62. Rb2 Ra4+ 63. Kf5 Ra5+ 64. Kf4 f5 65. Rb6
Kf7 66. Rc6 Kg7 67. Kg5 Kf7 68. Rf6+ Ke7 69. Rxf5 Ra6 70. Re5+ Kd7 71. Rf5 Ke8
72. Rf6 Rxf6 73. Kxf6 1/2-1/2

[Event "Elit(SK Rockaden, Sthlm-Stockholms SS)"]
[Site "?"]
[Date "2022.04.10"]
[Round "6"]
[White "Karlsson, Lars"]
[Black "Hauge, Lars Oskar"]
[Result "0-1"]
[WhiteElo "2444"]
[BlackElo "2513"]
[PlyCount "72"]

1. Nf3 f5 2. b3 d6 3. Bb2 e5 4. e3 Nf6 5. d4 e4 6. Nfd2 g6 7. c4 Bg7 8. Nc3 O-O
9. Be2 c5 10. d5 Qe7 11. g3 Nbd7 12. Qc2 Ne5 13. O-O-O a6 14. h3 Bd7 15. Na4
Bxa4 16. bxa4 b5 17. g4 fxg4 18. cxb5 axb5 19. Bxb5 Nd3+ 20. Kb1 Nxf2 21. hxg4
N6xg4 22. Bxg7 Qxg7 23. Nc4 Nxd1 24. Rxd1 Nf2 25. Rg1 Nd3 26. Nxd6 Rf2 27. Bxd3
Rxc2 28. Bxc2 Qc3 29. Rd1 Qb4+ 30. Bb3 Kg7 31. Nc4 Rb8 32. Kc2 h5 33. d6 h4 34.
d7 Rd8 35. Ne5 c4 36. Bxc4 h3 0-1

[Event "Elit(Vasteras-SK Rockaden, Sthlm)"]
[Site "?"]
[Date "2022.04.09"]
[Round "2"]
[White "Eriksson, Anders"]
[Black "Trost, Edvin"]
[Result "0-1"]
[WhiteElo "2253"]
[BlackElo "2245"]
[PlyCount "120"]
[EventDate "2022.??.??"]

1. Nf3 d5 2. d4 Nf6 3. g3 c6 4. Bg2 Bg4 5. Nbd2 e6 6. c4 Nbd7 7. h3 Bf5 8. Nh4
Bg6 9. Nxg6 hxg6 10. Qb3 Qb6 11. O-O Be7 12. Nf3 Qa6 13. cxd5 cxd5 14. e3 O-O
15. Bd2 Rfc8 16. Rfc1 Ne4 17. Be1 Qb6 18. Qxb6 Nxb6 19. Ne5 g5 20. Bf3 f6 21.
Nd3 Kf7 22. Kg2 Nc4 23. a4 b6 24. Bd1 Rab8 25. b3 Na5 26. f3 Nd6 27. g4 Rc6 28.
Rxc6 Nxc6 29. Rc1 Rc8 30. h4 gxh4 31. Bxh4 a5 32. Bg3 Nb4 33. Rxc8 Nxc8 34. Nc1
Bd6 35. Be1 Ne7 36. Bd2 Nec6 37. Be2 Nc2 38. Na2 e5 39. dxe5 fxe5 40. Bd1 N6b4
41. Nc3 Ke6 42. e4 Nd4 43. Kg3 dxe4 44. Nxe4 Nd3 45. Bc3 Kd5 46. Kh4 Be7+ 47.
Kg3 Bb4 48. Ba1 Be1+ 49. Kg2 Nc1 50. Bxd4 exd4 51. Kf1 Bh4 52. Nd2 d3 53. Nc4
Kc5 54. f4 Na2 55. Ne5 Nc1 56. Kg2 Kb4 57. g5 Be1 58. f5 Bc3 59. Nd7 Nxb3 60.
Nxb6 Nd4 $138 0-1

[Event "Elit(StockholmsSS-Team Pelaro Alingsas)"]
[Site "?"]
[Date "2022.04.09"]
[Round "2"]
[White "Ertan, Can"]
[Black "Nowen, Linus"]
[Result "1-0"]
[WhiteElo "2382"]
[BlackElo "1599"]
[PlyCount "23"]

1. e4 Nf6 2. e5 Nd5 3. d4 d6 4. c4 Nb6 5. exd6 cxd6 6. Nc3 g6 7. Be3 Nc6 8. d5
Ne5 9. Bd4 f6 10. f4 Nf7 11. h4 Qd7 12. c5 1-0

[Event "Elit(Limhamn-LASK)"]
[Site "?"]
[Date "2022.04.09"]
[Round "6"]
[White "Hansen, Sune Berg"]
[Black "Hector, Jonny"]
[Result "1/2-1/2"]
[WhiteElo "2528"]
[BlackElo "2443"]
[PlyCount "91"]
[SourceDate "2022.04.12"]

1. Nf3 d5 2. g3 Nc6 3. d4 Bf5 4. Bg2 Nb4 5. Na3 e6 6. c3 Nc6 7. Qb3 Bxa3 8.
Qxa3 Be4 9. O-O Nge7 10. Re1 O-O 11. Bf1 a5 12. Nd2 Bg6 13. Bg2 a4 14. e4 Re8
15. b3 e5 16. Bb2 dxe4 17. Nxe4 exd4 18. cxd4 Nd5 19. bxa4 Na5 20. Rac1 c6 21.
Qf3 Qb6 22. Ba1 Qb4 23. Nc3 Nf6 24. d5 cxd5 25. a3 Qxa3 26. Nxd5 Rxe1+ 27. Rxe1
Qxf3 28. Ne7+ Kf8 29. Bxf3 Bh5 30. Bg2 Nb3 31. Bc3 Rxa4 32. Nf5 Bg6 33. Nd6 Nc5
34. Nxb7 Nxb7 35. Bxb7 Be4 36. Bc8 Rc4 37. Bxf6 gxf6 38. Bh3 Bf3 39. Bg2 Bxg2
40. Kxg2 Kg7 41. Kf3 Kg6 42. Re4 Rc3+ 43. Kf4 Rc2 44. Kf3 Rc3+ 45. Kf4 Rc2 46.
Kf3 1/2-1/2

[Event "Elit(Vasteras-SK Rockaden, Sthlm)"]
[Site "?"]
[Date "2022.04.09"]
[Round "2"]
[White "Kenneskog, Theodor"]
[Black "Petersson, Baldur Teodor"]
[Result "1/2-1/2"]
[WhiteElo "2346"]
[BlackElo "2242"]
[PlyCount "80"]
[EventDate "2022.??.??"]

1. e4 e6 2. d4 d5 3. Nc3 Bb4 4. e5 Qd7 5. h4 c5 6. a3 Bxc3+ 7. bxc3 b6 8. h5 h6
9. Qg4 f5 10. Qg3 Ba6 11. Bxa6 Nxa6 12. Ne2 Rc8 13. Nf4 Qf7 14. Qd3 Nb8 15. a4
Ne7 16. Ba3 O-O 17. Rh3 Nbc6 18. Rg3 Na5 19. Kf1 Nc4 20. Bc1 Rc6 21. Kg1 Rfc8
22. Ng6 Nxg6 23. Rxg6 f4 24. Qf3 Rf8 25. Rg4 Rcc8 26. Rxf4 Qe7 27. Qg4 Kh8 28.
Qg6 Rxf4 29. Bxf4 Rf8 30. g3 Qf7 31. dxc5 bxc5 32. Rb1 Qe7 33. Kg2 Rd8 34. g4
Rf8 35. Kg3 Rxf4 36. Kxf4 Qf8+ 37. Kg3 Nd2 38. Rg1 Ne4+ 39. Kh2 Qxf2+ 40. Rg2
Qh4+ 1/2-1/2

[Event "Elit(Limhamn-LASK)"]
[Site "?"]
[Date "2022.04.09"]
[Round "6"]
[White "Johansson, Linus"]
[Black "Smith, Axel"]
[Result "1/2-1/2"]
[WhiteElo "2473"]
[BlackElo "2437"]
[PlyCount "123"]

1. d4 Nf6 2. c4 c5 3. d5 b5 4. cxb5 a6 5. bxa6 g6 6. Nc3 Bg7 7. Nf3 O-O 8. e3
Qa5 9. Bd2 Bxa6 10. Be2 Bxe2 11. Qxe2 Qa6 12. Rb1 d6 13. b4 cxb4 14. Rxb4 Qxe2+
15. Kxe2 Na6 16. Rc4 Nd7 17. Rb1 Nac5 18. Nd4 Ra6 19. Nc6 Bf6 20. Rcb4 Rfa8 21.
a4 Nxa4 22. Ne4 Nac5 23. Nxf6+ exf6 24. R1b2 Ne5 25. Nxe5 fxe5 26. e4 f5 27.
exf5 gxf5 28. f3 Ra2 29. Be3 Rxb2+ 30. Rxb2 Na4 31. Rb3 Rc8 32. Kd2 f4 33. Bf2
Rc7 34. g3 fxg3 35. hxg3 Kf7 36. Be3 Nc5 37. Rb6 Ke7 38. Rb4 Nd7 39. Rh4 Nf8
40. Rh6 Rd7 41. Kd3 Ke8 42. Ke4 Ng6 43. Bg5 Kf8 44. Rh1 Kg7 45. Rb1 h6 46. Be3
Ne7 47. f4 exf4 48. gxf4 Ng8 49. Bd4+ Kf7 50. Rh1 Re7+ 51. Kd3 Rb7 52. Re1 Rb3+
53. Bc3 Rb5 54. Ke4 Nf6+ 55. Bxf6 Kxf6 56. Rh1 Rb4+ 57. Kf3 Kf5 58. Rxh6 Rxf4+
59. Ke3 Ke5 60. Re6+ Kxd5 61. Rxd6+ Kxd6 62. Kxf4 1/2-1/2

[Event "Elit(Vasteras-SK Rockaden, Sthlm)"]
[Site "?"]
[Date "2022.04.09"]
[Round "2"]
[White "Norberg, Erik"]
[Black "Olsson, Krister"]
[Result "0-1"]
[WhiteElo "2235"]
[BlackElo "2332"]
[PlyCount "52"]
[EventDate "2022.??.??"]

1. e4 c5 2. Nf3 Nc6 3. c3 Nf6 4. e5 Nd5 5. b4 cxb4 6. c4 Nc7 7. d4 d5 8. exd6
Qxd6 9. d5 Ne5 10. Bb2 Nxf3+ 11. Qxf3 e6 12. Nd2 exd5 13. cxd5 Qxd5 14. Qg3 Ne6
15. Bc4 Qf5 16. O-O Bd7 17. Rac1 Bc6 18. Nb3 Qg6 19. Bxe6 fxe6 20. Qh3 Bd6 21.
Nd4 Bd5 22. Rfe1 O-O 23. Nxe6 Rf3 24. g3 Re8 25. Nxg7 Rxe1+ 26. Rxe1 Rxf2 0-1

[Event "Elit(Limhamn-LASK)"]
[Site "?"]
[Date "2022.04.09"]
[Round "6"]
[White "Mauritsson, Sebastian"]
[Black "Jepson, Christian"]
[Result "1/2-1/2"]
[WhiteElo "2390"]
[BlackElo "2402"]
[PlyCount "56"]

1. e4 d6 2. d4 Nf6 3. Nc3 g6 4. Be3 c6 5. Qd2 Nbd7 6. Nf3 Bg7 7. Bh6 O-O 8. h4
Bxh6 9. Qxh6 Ng4 10. Qd2 h5 11. Ng5 e5 12. f3 Ngf6 13. O-O-O Qe7 14. Be2 Nb6
15. Rdg1 d5 16. dxe5 Qxe5 17. f4 Qe7 18. e5 Ng4 19. Nd1 f6 20. exf6 Qxf6 21. g3
Re8 22. Re1 Bf5 23. Bd3 Bxd3 24. cxd3 Nh6 25. Nf3 Nd7 26. d4 Qg7 27. Ne5 Nxe5
28. dxe5 Qf7 1/2-1/2

[Event "Elit(Wasa-Kungstornet)"]
[Site "?"]
[Date "2022.04.09"]
[Round "2"]
[White "von Bahr, Oskar"]
[Black "Meshkovs, Nikita"]
[Result "0-1"]
[WhiteElo "2386"]
[BlackElo "2561"]
[PlyCount "80"]
[SourceDate "2022.04.24"]

1. e4 c5 2. Nf3 Nc6 3. d4 cxd4 4. Nxd4 e6 5. Nc3 Qc7 6. Be3 a6 7. Qd2 Nf6 8.
O-O-O Be7 9. f4 b5 10. e5 b4 11. exf6 bxc3 12. Qxc3 Bxf6 13. g4 h6 14. h4 Bb7
15. Rh2 Rc8 16. Qd2 Nxd4 17. Bxd4 Bf3 18. Bxf6 gxf6 19. Be2 Bd5 20. Kb1 Qb6 21.
c4 Be4+ 22. Ka1 d5 23. Qc3 Ke7 24. Rd4 Rhd8 25. g5 fxg5 26. hxg5 hxg5 27. fxg5
dxc4 28. Rd1 Rxd1+ 29. Bxd1 Qg1 30. Qf6+ Kd6 31. Qf4+ Kc5 32. Rd2 Bd3 33. b4+
Kb6 34. a4 Rd8 35. a5+ Kc6 36. Ka2 Qd4 37. Ba4+ Kd5 38. Qf3+ Kd6 39. Qc6+ Ke7
40. Rh2 Bb1+ 0-1

[Event "Elit(Limhamn-LASK)"]
[Site "?"]
[Date "2022.04.09"]
[Round "6"]
[White "Lindgren, Philip"]
[Black "Tikkanen, Hans"]
[Result "1-0"]
[WhiteElo "2356"]
[BlackElo "2499"]
[PlyCount "143"]

1. d4 d5 2. c4 c6 3. Nf3 Nf6 4. e3 Bg4 5. h3 Bh5 6. Nc3 e6 7. g4 Bg6 8. Qb3 Qb6
9. Ne5 Be7 10. Qxb6 axb6 11. cxd5 Nxd5 12. Bd2 Nd7 13. Nxg6 hxg6 14. a3 b5 15.
Rc1 Nxc3 16. Bxc3 Nf6 17. Bg2 Nd5 18. Bd2 g5 19. Ke2 Kd7 20. Rhd1 Bd6 21. Rc2
b4 22. axb4 Bxb4 23. Bxd5 Bxd2 24. Bxe6+ Kxe6 25. Rcxd2 Kd6 26. Rh1 Rh4 27. Kf3
f5 28. gxf5 g4+ 29. Kg3 Rah8 30. f3 gxf3 31. Rf2 Kd5 32. Rxf3 Ke4 33. Kg2 R8h5
34. Rhf1 Rg5+ 35. Rg3 Rxg3+ 36. Kxg3 Rh6 37. Kg4 Kxe3 38. Re1+ Kxd4 39. Re7 b5
40. Re6 Rh8 41. Rxc6 Re8 42. Re6 Rc8 43. Rb6 Kc4 44. Rb7 Rg8 45. Kg5 b4 46. h4
Kb3 47. h5 Rd8 48. Kg6 Rd2 49. Kxg7 Rg2+ 50. Kh6 Rf2 51. Kg6 Rg2+ 52. Kh6 Rf2
53. Rb5 Kc4 54. Re5 Kd4 55. Rb5 Kc4 56. Re5 Kd4 57. Ra5 Rxb2 58. f6 Rf2 59. Kg7
Rg2+ 60. Kh7 Rf2 61. Kg7 Rg2+ 62. Kh7 Rf2 63. Ra6 b3 64. Rb6 b2 65. Kg7 Kc5 66.
Rb8 Kd6 67. f7 Rg2+ 68. Kf8 Kd7 69. Rb7+ Kc6 70. Rb3 Kc5 71. h6 Kc4 72. Rb6 1-0

[Event "Elit(Wasa-Kungstornet)"]
[Site "?"]
[Date "2022.04.09"]
[Round "2"]
[White "Suarez Garcia, Carlos"]
[Black "Lyrberg, Patrik"]
[Result "1/2-1/2"]
[WhiteElo "2451"]
[BlackElo "2462"]
[PlyCount "43"]

1. Nf3 d5 2. b3 Bg4 3. Bb2 Nc6 4. e3 f6 5. d4 e5 6. dxe5 Nxe5 7. Be2 Nxf3+ 8.
Bxf3 Bxf3 9. Qxf3 Qd7 10. Nc3 Bb4 11. O-O-O Bxc3 12. Bxc3 O-O-O 13. Qg3 Qf7 14.
e4 Ne7 15. e5 fxe5 16. Qxe5 Rhg8 17. Rhe1 Rd7 18. Rd2 c5 19. Bb2 Nc6 20. Qc3 b6
21. Qh3 h6 22. Qe6 1/2-1/2

[Event "Elit(Limhamn-LASK)"]
[Site "?"]
[Date "2022.04.09"]
[Round "6"]
[White "Dragicevic, Drazen"]
[Black "Brynell, Stellan"]
[Result "1-0"]
[WhiteElo "2365"]
[BlackElo "2409"]
[PlyCount "139"]

1. c4 Nf6 2. Nf3 e6 3. g3 b6 4. Bg2 Bb7 5. O-O Be7 6. Nc3 O-O 7. d4 Ne4 8. Qc2
Nxc3 9. Qxc3 c5 10. Rd1 Bf6 11. Be3 Bxf3 12. Bxf3 Nc6 13. Bxc6 dxc6 14. Rd3 Qe7
15. Qd2 cxd4 16. Bxd4 e5 17. Bc3 Qe6 18. c5 Rfd8 19. Rd1 Rxd3 20. Qxd3 bxc5 21.
Qd7 Re8 22. Qxe6 fxe6 23. Rd6 Rc8 24. Rd7 e4 25. Rxa7 Rb8 26. e3 h6 27. Ra6
Bxc3 28. bxc3 Rb2 29. Rxc6 Kf7 30. Rxc5 Rxa2 31. Rc4 Rc2 32. Kg2 Kf6 33. Rc5 g5
34. g4 Rc1 35. Rc8 Kg6 36. Rg8+ Kf7 37. Rc8 Kg6 38. Rc7 Kf6 39. h3 Kg6 40. Rc5
Kf6 41. Kg3 Rg1+ 42. Kh2 Rc1 43. Kg2 Kg6 44. Rc8 Kf6 45. c4 Kg6 46. c5 Kf6 47.
c6 Kg6 48. c7 Kg7 49. Kh2 Kh7 50. Kg3 Rg1+ 51. Kh2 Rc1 52. Kg2 Kg7 53. Re8 Rxc7
54. Rxe6 Rc4 55. Kg3 Ra4 56. h4 gxh4+ 57. Kxh4 Ra2 58. Kg3 Ra4 59. Re5 Kg6 60.
Rf5 Rb4 61. Kf4 Ra4 62. g5 hxg5+ 63. Rxg5+ Kf6 64. Rf5+ Kg6 65. Kg4 Ra6 66. Rf4
Re6 67. Kg3 Kg5 68. Kg2 Re7 69. Kf1 Re8 70. Ke2 1-0

[Event "Elit(Wasa-Kungstornet)"]
[Site "?"]
[Date "2022.04.09"]
[Round "2"]
[White "Eriksson, Johan"]
[Black "Wedberg, Tom"]
[Result "1-0"]
[WhiteElo "2382"]
[BlackElo "2406"]
[PlyCount "81"]

1. c4 c5 2. g3 Nc6 3. Bg2 g6 4. Nc3 Bg7 5. Nf3 e5 6. O-O d6 7. a3 a5 8. Ne1 Be6
9. d3 Nge7 10. Nc2 d5 11. cxd5 Nxd5 12. Ne3 Nde7 13. Nc4 O-O 14. Bg5 f6 15. Be3
b6 16. Qa4 Qc7 17. Qb5 Rab8 18. Qa4 Rfd8 19. Rac1 Nd4 20. Bxd4 exd4 21. Nb5 Qd7
22. b4 axb4 23. axb4 Nd5 24. bxc5 bxc5 25. Rb1 Nb4 26. Nca3 Rb6 27. Rfc1 Bf8
28. Qa7 Rxb5 29. Nxb5 Qxb5 30. Ra1 Qb8 31. Qa5 Qd6 32. Rxc5 Qxc5 33. Qxd8 Kf7
34. h3 h5 35. Ra8 Bf5 36. Rb8 Qd6 37. Qe8+ Kg8 38. g4 hxg4 39. hxg4 Bxg4 40.
Qxg6+ Kh8 41. Be4 1-0

[Event "Elit(Limhamn-LASK)"]
[Site "?"]
[Date "2022.04.09"]
[Round "6"]
[White "Helgason, Reynir"]
[Black "Kucuksari, Kaan"]
[Result "0-1"]
[WhiteElo "2272"]
[BlackElo "2362"]
[PlyCount "98"]

1. d4 f5 2. Bf4 Nf6 3. e3 e6 4. Bd3 b6 5. Qf3 Nc6 6. Nc3 Bb7 7. Nge2 Be7 8. h4
O-O 9. h5 Na5 10. Qg3 Rc8 11. Nb5 c5 12. c3 Be4 13. Nc1 Bxd3 14. Nxd3 Ne4 15.
Qh2 c4 16. Nb4 Bxb4 17. cxb4 Nc6 18. a3 a6 19. Nd6 Nxd6 20. Bxd6 Rf6 21. Qh4
Qe8 22. Be5 Rf7 23. O-O d5 24. Bh2 Qe7 25. Qxe7 Rxe7 26. a4 Ra7 27. a5 bxa5 28.
bxa5 Rb7 29. Rfb1 Nb4 30. Bd6 Nd3 31. Ba3 Rb5 32. Kf1 Rcb8 33. Ra2 Rxa5 34. Ke2
Nb4 35. Raa1 Nc2 36. Bd6 Rxa1 37. Rxa1 Rxb2 38. Ra4 Nxd4+ 39. Ke1 Nb5 40. Be5
c3 41. Kd1 Rxf2 42. Rxa6 Rxg2 43. Ra5 Rb2 44. Kc1 f4 45. Bxc3 Rb3 46. Be5 fxe3
47. Bg3 Na3 48. Ra8+ Kf7 49. Ra7+ Ke8 0-1

[Event "Elit(Wasa-Kungstornet)"]
[Site "?"]
[Date "2022.04.09"]
[Round "2"]
[White "Engqvist, Thomas"]
[Black "Andersson, Fredrik"]
[Result "1-0"]
[WhiteElo "2322"]
[BlackElo "2267"]
[PlyCount "125"]

1. Nf3 Nf6 2. c4 g6 3. b3 Bg7 4. Bb2 O-O 5. g3 c6 6. Bg2 d5 7. O-O Bg4 8. d4
Nbd7 9. Nbd2 a5 10. Re1 a4 11. h3 Bxf3 12. Bxf3 Re8 13. e4 dxe4 14. Nxe4 Nxe4
15. Bxe4 Nc5 16. Bg2 a3 17. Bc3 Ne6 18. Re4 c5 19. Rxe6 fxe6 20. Bxb7 Rb8 21.
Bc6 cxd4 22. Bd2 Rf8 23. Qg4 Qd6 24. Be4 d3 25. Rf1 Rbd8 26. h4 Qe5 27. Kg2 Kh8
28. Rh1 Rd4 29. Re1 Rf6 30. Qg5 Qxg5 31. hxg5 Rf8 32. f3 Kg8 33. c5 Rc8 34. Rc1
Be5 35. b4 Rb8 36. c6 Bc7 37. Kf2 Rdxb4 38. Bxb4 Rxb4 39. Bxd3 Rb2+ 40. Rc2
Rxc2+ 41. Bxc2 Kg7 42. f4 h6 43. Kf3 e5 44. f5 gxf5 45. gxh6+ Kxh6 46. Bxf5 Kg5
47. Ke4 Kf6 48. Bg4 e6 49. Bf3 Kg5 50. Bd1 Bb8 51. g4 Bc7 52. Kd3 Kf4 53. Kc4
e4 54. Kb5 Ke5 55. Ka6 Kd6 56. Kb7 Bd8 57. g5 Ke5 58. c7 Bxc7 59. Kxc7 Kf5 60.
Kd6 Kxg5 61. Kxe6 Kf4 62. Kd5 Ke3 63. Bc2 1-0

[Event "Elit(Limhamn-LASK)"]
[Site "?"]
[Date "2022.04.09"]
[Round "6"]
[White "Nord, Alexander"]
[Black "Eklund, Joel"]
[Result "1/2-1/2"]
[WhiteElo "2173"]
[BlackElo "2279"]
[PlyCount "42"]

1. d4 Nf6 2. Nf3 c5 3. d5 e6 4. Nc3 exd5 5. Nxd5 Nxd5 6. Qxd5 Be7 7. Bf4 Nc6 8.
Rd1 O-O 9. e3 Qa5+ 10. c3 d6 11. Bd3 g6 12. Ng5 Nd8 13. Bb1 Qb6 14. Qb3 Qxb3
15. axb3 Ne6 16. Nxe6 Bxe6 17. Bxd6 Bxd6 18. Rxd6 Bxb3 19. Ke2 Rfd8 20. Rxd8+
Rxd8 21. Bd3 Bd5 1/2-1/2